[Event "SCO-ch op 128th"]
[Site "Dunfermline"]
[Date "2023.07.08"]
[Round "3"]
[White "Eswar, Theagarajan"]
[Black "Whittaker, Ian P"]
[Result "0-1"]
[WhiteElo "1465"]
[BlackElo "1614"]
[PlyCount "86"]
[EventDate "2023.07.07"]
[EventType "swiss"]
[EventRounds "5"]
[EventCountry "SCO"]
[SourceTitle "CBM 215 Extra"]
[Source "ChessBase"]
[SourceDate "2023.09.30"]
[SourceVersion "1"]
[SourceVersionDate "2023.09.30"]
[SourceQuality "1"]

1. d4 Nf6 2. Nc3 e6 3. e4 d5 4. Bg5 Be7 5. Bxf6 Bxf6 6. e5 Be7 7. Qg4 g6 8. h4 h5 9. Qf4 c5 10. Nf3 Nc6 11. dxc5 Bxc5 12. Ng5 Qe7 13. 0-0-0 a6 14. Rxd5 0-0 15. Rd1 b5 16. Nce4 Nb4 17. Nf6+ Kg7 18. g4 Nd5 19. Rxd5 exd5 20. gxh5 Bf5 21. hxg6 fxg6 22. h5 Rxf6 23. h6+ Kh8 24. Bd3 Rff8 25. e6 Qf6 26. Nf7+ Rxf7 27. exf7 Qxf7 28. Qe5+ Kh7 29. Bxf5 gxf5 30. Rg1 Rg8 31. Rd1 Bxf2 32. Rxd5 f4 33. Qe4+ Qg6 34. Rd7+ Kxh6 35. Qh1+ Kg5 36. Qf3 Be3+ 37. Kd1 Qe6 38. Rd5+ Kf6 39. c3 Rg3 40. Qh5 Rg1+ 41. Kc2 Qe4+ 42. Kb3 Qc4+ 43. Kc2 Rc1# 0-1

[Event "Livingston Allegro op"]
[Site "Livingston"]
[Date "2023.04.02"]
[Round "1"]
[White "Roul, Tushar"]
[Black "Eswar, Theagarajan"]
[Result "1-0"]
[WhiteElo "1600"]
[BlackElo "1365"]
[PlyCount "75"]
[EventDate "2023.04.02"]
[EventType "swiss (rapid)"]
[EventRounds "5"]
[EventCountry "SCO"]
[SourceTitle "CBM 213 Extra"]
[Source "ChessBase"]
[SourceDate "2023.05.31"]
[SourceVersion "1"]
[SourceVersionDate "2023.05.31"]
[SourceQuality "1"]

1. e4 c5 2. Nf3 d6 3. Bb5+ Bd7 4. Bxd7+ Qxd7 5. 0-0 Nc6 6. c3 Nf6 7. Re1 Qg4 8. Qe2 e5 9. d3 Be7 10. h3 Qd7 11. Bg5 h6 12. Bxf6 gxf6 13. Nbd2 Rg8 14. Kh1 f5 15. exf5 Qxf5 16. Ne4 Qg6 17. Rg1 f5 18. Ned2 0-0-0 19. Rac1 Kb8 20. d4 cxd4 21. cxd4 e4 22. Qb5 Rc8 23. d5 exf3 24. dxc6 fxg2+ 25. Kh2 b6 26. Qd5 Bg5 27. Qd4 d5 28. Qe5+ Rc7 29. Rcd1 Re8 30. Qg3 Qxc6 31. Nf3 f4 32. Qg4 Rg7 33. Nxg5 hxg5 34. Rxg2 Qc4 35. Qh5 Reg8 36. Qh6 f3 37. Qd6+ Rc7 38. Rgg1 1-0

[Event "Livingston Allegro op"]
[Site "Livingston"]
[Date "2023.04.02"]
[Round "4"]
[White "Vadalia, Jainill"]
[Black "Eswar, Theagarajan"]
[Result "1/2-1/2"]
[WhiteElo "1557"]
[BlackElo "1365"]
[PlyCount "102"]
[EventDate "2023.04.02"]
[EventType "swiss (rapid)"]
[EventRounds "5"]
[EventCountry "SCO"]
[SourceTitle "CBM 213 Extra"]
[Source "ChessBase"]
[SourceDate "2023.05.31"]
[SourceVersion "1"]
[SourceVersionDate "2023.05.31"]
[SourceQuality "1"]

1. d4 Nf6 2. c4 e5 3. e3 exd4 4. exd4 d5 5. Nc3 Bb4 6. Bg5 Qe7+ 7. Qe2 Qxe2+ 8. Bxe2 Ne4 9. Bd2 Nxd2 10. Kxd2 dxc4 11. Bxc4 0-0 12. Nf3 Nc6 13. a3 Ba5 14. d5 Rd8 15. Rhe1 Bxc3+ 16. Kxc3 Na5 17. Ba2 b6 18. Re7 Nb7 19. Rxc7 Nd6 20. Re7 Ba6 21. Ne5 Ne4+ 22. Kd4 Nd6 23. g4 Kf8 24. Rd7 Nb5+ 25. Ke3 Rxd7 26. Nxd7+ Ke7 27. Ne5 f6 28. Nc6+ Kd6 29. Rd1 Re8+ 30. Kd2 Nc7 31. Re1 Rxe1 32. Kxe1 Bb7 33. Nxa7 Nxd5 34. Nb5+ Kc5 35. Bxd5 Bxd5 36. Nc7 Bf7 37. Kd2 b5 38. Na6+ Kc4 39. Nc7 Kc5 40. Na6+ Kc4 41. f4 g5 42. fxg5 fxg5 43. Nc7 Kc5 44. Na6+ Kd4 45. Nc7 Bc4 46. b3 Bxb3 47. Nxb5+ Ke4 48. Ke1 Kf4 49. Nd4 Ba4 50. Kf2 Kxg4 51. Ne6 Kf5 1/2-1/2